Discovery of Indira Gandhi: a selected chronology (Record no. 12797)

MARC details
000 -LEADER
fixed length control field 00446nam a2200157Ia 4500
082 ## - DEWEY DECIMAL CLASSIFICATION NUMBER
Classification number RR 923.254 GAN-;
100 ## - MAIN ENTRY--AUTHOR NAME
Personal name Dhawan, S.K.
245 #0 - TITLE STATEMENT
Title Discovery of Indira Gandhi: a selected chronology
260 ## - PUBLICATION, DISTRIBUTION, ETC. (IMPRINT)
Place of publication Delhi
Name of publisher Wave Publications
Year of publication 1986
300 ## - PHYSICAL DESCRIPTION
Number of Pages 429p.
504 ## - BIBLIOGRAPHY, ETC. NOTE
Bibliography, etc Includes index
650 ## - SUBJECT ADDED ENTRY--TOPICAL TERM
Topical Term Gandhi, Indira - Biography
650 ## - SUBJECT ADDED ENTRY--TOPICAL TERM
Topical Term Gandhi, Indira - Political activity - India
650 ## - SUBJECT ADDED ENTRY--TOPICAL TERM
Topical Term Politicians - India
942 ## - ADDED ENTRY ELEMENTS (KOHA)
Koha item type Books
Source of classification or shelving scheme Dewey Decimal Classification
Holdings
Withdrawn status Lost status Damaged status Not for loan Home library Current library Date acquired Bill Date Full call number Accession Number Price effective from Koha item type
        NASSDOC Library NASSDOC Library 08/06/2004 2004-10-22 RR 923.254 GAN-; 22486 18/04/2019 Books